Guess the Hamilton Song #30 - Statistics

General Stats
  • This quiz has been taken 875 times
  • The average score is 131 of 301
Answer Stats
Lyric % Correct
a
97%
I
96%
(I
96%
the
86%
you
82%
You
82%
you,
82%
to
75%
To
75%
No
73%
No,
73%
No!
73%
and
68%
Burr
62%
(Burr!)
62%
Burr!
62%
Burr?
62%
of
60%
what
60%
What
60%
What?
60%
do
59%
is
59%
Is
59%
Alexander
58%
Alexander,
58%
if
58%
(If
58%
If
58%
it
58%
see
58%
so?
58%
for
56%
for?
56%
can
55%
not
55%
will
54%
are
51%
be
51%
your
51%
have
50%
she
50%
on
49%
our
46%
But
45%
but
45%
hear
45%
that
42%
us
42%
us!
42%
get
41%
married
41%
married)
41%
never
41%
Raise
41%
(Sir!)
41%
sir
41%
glass
40%
Aaron
39%
all!
39%
all
39%
this
39%
go
38%
live
38%
may
38%
You're
38%
freedom
37%
I'm
37%
tonight!
37%
tonight
37%
tonight,
37%
glory!
36%
glory!)
36%
her!
36%
tell
35%
There's
35%
after
34%
hope
33%
again!
32%
again,
32%
side,
32%
side
32%
Something
32%
don't
31%
I'll
31%
story
31%
tomcat
30%
war
30%
matter
29%
say
29%
ass,
28%
four
28%
It's
28%
it's
28%
I've
28%
(I've
28%
We'll
26%
Well
26%
Well,
26%
well,
26%
seen
25%
tells
25%
Let's
24%
other
24%
another
23%
great
23%
newly
23%
small
23%
small)
23%
wonders
23%
poor
22%
round
22%
(Hey!)
21%
had
18%
love
18%
(Oh!)
18%
Oh,
18%
should
17%
them,
17%
worst,
17%
From
15%
isn't
15%
think
15%
waiting
15%
would
15%
you've
15%
'Cause
14%
didn't
14%
got
14%
heard
13%
with
13%
here
12%
more
12%
officer
12%
She's
12%
someone
12%
sure
12%
woman,
12%
Yes,
12%
guys
11%
Now,
11%
special
11%
these
11%
understand
11%
wish
11%
girl
10%
make
10%
Man!
10%
congrats
9%
Congrats
9%
mean?
9%
shit!
9%
alone
8%
came
8%
gang
8%
Leave
8%
smile
8%
tryin'
8%
congratulations
7%
hide,
7%
right,
7%
whole
7%
brought
6%
Spit
6%
unlawful.
6%
verse,
6%
afraid
5%
made
5%
(Whoo!)
5%
Colonel
4%
command
4%
Ignore
4%
kind,
4%
sensible
4%
yourself
4%
George's
3%
instead
3%
journal
3%
Lieutenant
3%
very
3%
indispensable
2%
manning
2%
Brtitish
0%
No matching quizzes found
Score Distribution
Percent of People with Each Score
Percentile by Number Answered
Your Score History
You have not taken this quiz